00875nam a22001691 4500003000800000005001700008008004100025035001400066040002100080041000800101082001900109100003700128245006900165260004000234300003700274505039400311BD-RjUL20240118105759.0780509s1911 nyuf 001 1 engs  a(BD-RjUL) cBD-RjULdBD-RjUL aeng a823 bDOL 19111 aDoyle, Arthur Conan,d1859-1930.14aThe last galley;bimpressions and tales,cby Arthur Conan Doyle. aLondon:bG. Bell & Sons Ltd,c1911. a298 p.bcol. front., pl.c20 cm.0 aThe last galley.--The contest.--Through the veil.--An iconoclast.--Giant Maximin.--The coming of the Huns.--The last of the legions.--The first cargo--The home-coming.--The red star.--The silver mirror.--The blighting of Sharkey.--The marriage of the brigadier.--The lord of Falconbridge.--Out of the running.--"De profundis".--The great Brown-Pericord motor.--The terror of Blue John Gap.